00474nam a2200109Ia 4500008004100000050002700041100002500068245015000093260008600243300002000329521001500349140724s9999 xx 000 0 und d aBF 637.N46b.H565 2013 aHerrera, Michaela J. aRelationship between the levels of self-esteem and parenting styles among selected high school students of Manresa School /cMichaela J. Herrera. aLas Piñas, Philippines :bSouthville International School and Colleges,cc2013. a64 p. :c28 cm. aPsychology